| 000 | 01190cab a2200241 4500 | ||
|---|---|---|---|
| 001 | ABS37480 | ||
| 008 | 090401t1987 xxu||||| |||| 00| 0 eng d | ||
| 035 | _a(Sirsi) u4837 | ||
| 041 | _aeng | ||
| 100 | _aTrevor Jones, D. | ||
| 245 | _aScream quietly or the neighbours might hear | ||
| 260 | _c1987 | ||
| 350 | _a0 | ||
| 490 |
_aBuilding _v252 (7489) 27 March 1987, 52-53 (2) |
||
| 520 | _aA DoE consultation paper proposes significant changes to the sound control provisions of the building regulations . It is acknowledged that excessive noise transmission through party walls is a health hazard. Reports on sub-standard sound insulation in converted flats, over which there is still no statutory control. In many cases, responsibility for ensuring an adequate level of sound insulation is imposed by conditions in planning permission . Briefly reviews recommendations for treating party walls and floors to produce adequate sound insulation. | ||
| 650 | _aBUILT ENVIRONMENT-CONSTRUCTION DESIGN-ACOUSTICS | ||
| 650 | _aDRY LININGS | ||
| 650 | _aFLAT CONVERSIONS | ||
| 690 | _aBUILT ENVIRONMENT-BUILDING PATHOLOGY | ||
| 700 | _aCatt, R. | ||
| 942 | _n0 | ||
| 948 | _c04/03/1997 | ||
| 999 |
_c2925 _d2925 |
||